Advances in Industrial Internet of Things, Engineering and Management /

Salvato in:
Dettagli Bibliografici
Altri autori: Cagáňová, Dagmar, 1971- (Compilatore), Horňáková, Natália, 1987- (Compilatore), Pusca, Andy (Compilatore), Cunha, P.F (Compilatore)
Natura: Libro
Lingua:inglese
Pubblicazione: Cham : Springer International Publishing, 2021
Edizione:1. vyd
Accesso online:https://www.springer.com/gp/book/9783030697044#aboutBook
Tags: Aggiungi Tag
Nessun Tag, puoi essere il primo ad aggiungerne!!

MARC

LEADER 00000nam a22000003a 4500
001 0087104
003 SK-STU
005 20221103080059.5
007 ta
008 210208s ----xo-----e------100-0-----d
020 |a 978-3-030-69705-1 
022 |a 2522-8595 
024 7 |2 DOI  |a 10.1007/978-3-030-69705-1 
035 |a biblio/240387  |2 CREPC2 
040 |a STU  |b slo 
041 0 |a eng 
044 |a sz 
245 1 0 |a Advances in Industrial Internet of Things, Engineering and Management /  |c zost. Dagmar Cagáňová, Natália Horňáková, Andy Pusca, P.F Cunha 
250 |a 1. vyd 
260 |a Cham :  |b Springer International Publishing,  |c 2021 
300 |a 290 s. 
700 1 |a Cagáňová, Dagmar,  |d 1971-  |u 064000  |r Z1  |4 com  |9 45  |U MTF Materiálovotechnologická fakulta  |T MTF Ústav priemyselného inžinierstva a manažmentu  |X 2785  |U M4000  |Y 84  |7 A000002785 
700 1 |a Horňáková, Natália,  |d 1987-  |u 064000  |r Z1  |4 com  |9 45  |U MTF Materiálovotechnologická fakulta  |T MTF Ústav priemyselného inžinierstva a manažmentu  |X 38384  |U M4000  |Y 84  |7 A000038384 
700 1 |a Pusca, Andy  |4 com  |9 5 
700 1 |a Cunha, P.F.  |4 com  |9 5 
856 4 0 |u https://www.springer.com/gp/book/9783030697044#aboutBook 
996 |b 284M088777  |c M* 14484-1  |l MMKN  |s A  |a 24  |w 0087104_0001